000 00861cam a2200277 i 4500
001 41964
003 Mx-PuUPA
005 20240418134821.0
008 140415s1985 000 0 spa d
040 _cMx-PuUPA
_aMx-PuUPA
_bspa
_dMx-PuUPA
_erda
041 _aspa
100 1 _a Zavaleta Mercado, René
245 1 0 _aEl poder dual en américa latina:
_bEstudio de los casos de Bolivia y Chile /
_cRené Zavaleta Mercado
250 _aprimera edicion
260 _a
_b
_c
264 _aMéxico
_bSiglo veintiuno editores
_c1974
300 _a270 páginas ;
_c15 cm
336 _2rdacontent
_atexto
_btxt
337 _2rdamedia
_asin medio
_bn
338 _2rdacarrier
_avolumen
_bnc
502 _a
650 7 _2armarc
_a
_913986
942 _2ddc
_cLI
_hxxx
_iZ392
_n
999 _c41964
_d41964